| 000 | 00824nam a2200181 a 4500 | ||
|---|---|---|---|
| 001 | 000037516 | ||
| 005 | 20200930080415.0 | ||
| 008 | 120420s2005 sp 000 0 spa d | ||
| 020 | _a8400083989 | ||
| 040 |
_aDO-SdBNP _bspa _cBNPHU |
||
| 245 | 0 | 0 |
_aEstudios sobre el Barroco musical hispánico : _ben torno a la figura del Dr. Miguel Querol / _ccoordinación, Antonio Ezquerro Esteban, Luis Antonio González Marín, Marc Heilbron Ferrer. |
| 260 |
_aBarcelona : _bConsejo Superior de Investigaciones Científicas. Institución Milá i Fontanals, _c2005. |
||
| 300 |
_a198 p. : _bil., música ; _c27 cm. |
||
| 500 | _aIncluye referencias bibliográficas y notas al pie de las páginas | ||
| 700 | 1 |
_aEzquerro Esteban, Antonio _963970 |
|
| 700 | 1 |
_aGonzález Marín Luis Antonio _963122 |
|
| 700 | 1 |
_aHeilbron Ferrer, Marc _963971 |
|
| 999 |
_c37006 _d37006 |
||